Bienestar y calidad de vida en México /

Uloženo v:
Podrobná bibliografie
Hlavní autor: García Vega, José de Jesús (coord.)
Další autoři: Sales Heredia, Francisco J. (coordinación) (coordinación)
Médium: Kniha
Jazyk:španělština
Vydáno: México : Monterrey, México : Congreso de la Unión, Cámara de Diputados, LXI Legislatura, Centro de Estudios Sociales y de Opinión Pública ; Universidad de Monterrey, 2011, c2011
Témata:
Tagy: Přidat tag
Žádné tagy, Buďte první, kdo vytvoří štítek k tomuto záznamu!

MARC

LEADER 00000nam^a2200000^a^4500
001 000329854
005 20250521000000.0
009 20260310113948.459
020 |a 978-607-7919-23-0 
037 |a Acervo ITESO - Biblioteca 
041 |a ESP 
082 |a 320. 97207  |b CESOP V. 2 
100 |a García Vega, José de Jesús  |e (coord.) 
245 1 0 |a Bienestar y calidad de vida en México /  |c Coord. de J.J. García Vega, F.J. Sales Heredia. 
264 4 |a México :  |b Congreso de la Unión, Cámara de Diputados, LXI Legislatura, Centro de Estudios Sociales y de Opinión Pública ;  |a Monterrey, México :  |b Universidad de Monterrey,  |c 2011, c2011 
300 |a 193 p. 
336 |a texto  |b txt  |2 rdacontenido 
337 |a sin mediación  |b n  |2 rdamedio 
338 |a volumen  |b nc  |2 rdasoporte 
649 |a XX 
650 |a Encuestas de Opinión -  |z México 
650 |a Opinión Pública 
650 |a Calidad de Vida -  |z México -  |x Estadísticas 
650 |a Calidad de Vida -  |z México -  |x Tema Principal 
650 |a Estado de Bienestar -  |z México -  |x Tema Principal 
650 |a Economía del Bienestar -  |z México 
650 |a Economía del Bienestar 
650 |a Política Social -  |z México -  |x Evaluación -  |x Tema Principal 
650 |a Política -  |z México -  |x Historia -  |y 2006-2012 
700 |a Sales Heredia, Francisco J.  |e (coordinación) 
910 |a Fondo General 
920 |a Impresos - Libros 
930 |a Colección General 
905 |a 101 
901 |a 0500219107  |b IT1  |c ACC  |i D60310  |u 20250521 
901 |a 0500219104  |b IT1  |c ACC  |i D60309  |u 20250521 
902 |a https://opac.biblio.iteso.mx/vufind/Record/000329854